000
00323 a2200145 4500
001
160405
020
_a
040
_c
Magnum
100
_a
Alonso, Jose Bruna
240
1
0
_a
Santo agostinho: uma escola de vida
_l
por
245
1
0
_a
Santo agostinho: uma escola de vida
362
0
_a
1899
697
_a
GERAL
942
_c
BK
999
_c
160405
_d
160405